Quiz de culture général sur la France - Statistiques

Statistiques générales
  • Ce quiz a été pris 791 fois
  • Le résultat moyen est 7 sur 11
Statistiques - réponses
Question Réponse % Correct
Compléter la devise de la France : "Liberté, Egalité, ... " Fraternité
93%
Lequel parmi la liste ci-dessous ne fait PAS partie des symboles de la République Française ? La baguette
91%
Qui, en 1944, a prononcé "Paris ! Paris outragé ! Paris brisé ! Paris martyrisé ! Mais Paris libéré !" ? Général De Gaulle
83%
Qui a écrit l'hymne nationale française, "La Marseillaise" ? Rouget de Lisle
72%
Dans quelle ville Napoléon Bonaparte est-il né ? Ajaccio
66%
Laquelle de ces marques de voitures n'est pas française : Fiat
55%
Quel grand écrivain français a été exilé sur l'île de Guernesey ? Victor Hugo
55%
Combien de victoires militaires la France compte-elle ? 1115
52%
Avec quel pays la France a-t-elle la plus grande frontière ? le Brésil
46%
Quel est la deuxième plus grande aire urbaine de France ? Lyon
35%
Combien y a-t-il de nouvelles régions, depuis 2015, en France ? 12
32%
Aucun quiz correspondant
Distribution des résultats
% des personnes avec chaque résultat
Percentile par nombre de réponses
Votre historique - résultats
Vous n’avez pas pris ce quiz